000 00846nam a2200253Ia 4500
003 OSt
005 20220923215603.0
006 a|||||r|||| 00| 0
007 ta
008 220922b |||||||| |||| 00| 0 hin d
024 _a180,055
037 _cTextual
040 _aARTS
_cARTS
_bhin
041 _2hin
_ahin
082 _aO152,1J58:g, N2
100 _aअसद, माजदा
245 0 _aरसखान
_b व्यक्तित्व और कृतित्व
246 _aRasakhāna: vyaktitva aur kṛutitva
260 _aदिल्ली
_b प्रेम प्रकाशन मन्दिर
_c1992
300 _a252 पृ.
_ccm.
650 _aहिन्दी साहित्य
_9156264
942 _hO152,1J58:g, N2
_cTEXL
_2CC
999 _c333436
_d333436